| 000 | 00606nam a2200217 a 4500 | ||
|---|---|---|---|
| 008 | |||
| 049 | _aMAIN | ||
| 090 | 0 | 0 | _aTK2821 |
| 100 | 1 | _aCaldwell, Samuel Hawks. | |
| 245 | 0 | 0 |
_aSwitching circuits and logical design / _cSamuel H. Caldwell. |
| 260 |
_aNew York : _bWiley , _cc1958 |
||
| 300 |
_axvii, 686 p. : _bill. ; _c24 cm. |
||
| 500 | _aIncludes index | ||
| 650 | 0 | _aSwitching circuits. | |
| 650 | 0 | _aLogic design. | |
| 907 |
_a.b10162380 _b09-01-06 _c09-05-05 |
||
| 003 | |||
| 005 | 20230123134007.0 | ||
| 040 | _cNUST | ||
| 942 |
_cBOOKS _kTK2821 |
||
| 999 |
_c158175 _d158175 |
||